|
|
|
|
| LEADER |
00000nam0a2200000 4500 |
| 001 |
70769 |
| 005 |
20231031082021.0 |
| 010 |
|
|
|a 5472000424
|
| 035 |
|
|
|a (RuTPU)RU\TPU\book\75338
|
| 090 |
|
|
|a 70769
|
| 100 |
|
|
|a 20041130d2004 m y0rusy50 ca
|
| 101 |
0 |
|
|a rus
|
| 102 |
|
|
|a RU
|
| 105 |
|
|
|a y j 001zy
|
| 200 |
1 |
|
|a Международные стандарты финансовой отчетности: тесты с ответами
|e учебное пособие
|f Т. М. Мезенцева, Г. А. Мезенцева, В. Ю. Горобец
|
| 210 |
|
|
|a Москва
|c Экзамен
|d 2004
|
| 215 |
|
|
|a 190 с.
|
| 225 |
1 |
|
|a Тесты
|
| 320 |
|
|
|a Библиогр.: с. 190
|
| 610 |
1 |
|
|a экономика
|
| 610 |
1 |
|
|a финансы
|
| 610 |
1 |
|
|a финансовая отчетность
|
| 610 |
1 |
|
|a международные стандарты
|
| 610 |
1 |
|
|a тесты
|
| 610 |
1 |
|
|a ответы
|
| 610 |
1 |
|
|a история
|
| 610 |
1 |
|
|a запасы
|
| 610 |
1 |
|
|a денежные средства
|
| 610 |
1 |
|
|a движение
|
| 610 |
1 |
|
|a чистая прибыль
|
| 610 |
1 |
|
|a учетная политика
|
| 610 |
1 |
|
|a убытки
|
| 610 |
1 |
|
|a условные события
|
| 610 |
1 |
|
|a договоры подряда
|
| 610 |
1 |
|
|a налог на прибыль
|
| 610 |
1 |
|
|a сегментная отчетность
|
| 610 |
1 |
|
|a основные средства
|
| 610 |
1 |
|
|a аренда
|
| 610 |
1 |
|
|a выручка
|
| 610 |
1 |
|
|a вознаграждение
|
| 610 |
1 |
|
|a займы
|
| 610 |
1 |
|
|a пенсионное обеспечение
|
| 610 |
1 |
|
|a инвестиции
|
| 610 |
1 |
|
|a дочерние компании
|
| 610 |
1 |
|
|a гиперинфляция
|
| 610 |
1 |
|
|a условные обязательства
|
| 610 |
1 |
|
|a резервы
|
| 610 |
1 |
|
|a нематериальные активы
|
| 610 |
1 |
|
|a промежуточная финансовая отчетность
|
| 610 |
1 |
|
|a учебные пособия
|
| 675 |
|
|
|a 657.6(07)
|v 3
|
| 700 |
|
1 |
|a Мезенцева
|b Т. М.
|g Татьяна Мартемьяновна
|
| 701 |
|
1 |
|a Мезенцева
|b Г. А.
|g Галина Александровна
|
| 701 |
|
1 |
|a Горобец
|b В. Ю.
|g Виктор Юрьевич
|
| 801 |
|
1 |
|a RU
|b 63413507
|c 20041130
|g PSBO
|
| 801 |
|
2 |
|a RU
|b 63413507
|c 20230403
|g PSBO
|
| 900 |
|
|
|a Бухгалтерский учет и аудит
|
| 900 |
|
|
|a Финансы, финансовая деятельность
|
| 942 |
|
|
|c BK
|
| 951 |
|
|
|a 521600
|b 060500
|